000 00427nam a2200181Ia 4500
001 15115
005 20260306165004.0
008 260306t2004||||xx |||||||||||||| ||spa||
041 _aESP
082 _a530
_bS42 T. 2 2004
100 _aSerway, Raymond A.
_eAUT
245 0 _aFísica II:
_btexto basado en cálculo
260 _c2004
300 _a
_c27 cm.
650 _aGEN
654 _aCCN
942 _cLIB
_dJUS
_fJUS
_2ddc
_n
999 _c15115
_d15115